कथानक वल्लीः अनुवाद व समीक्षा (Record no. 1016714)

MARC details
000 -LEADER
fixed length control field 00949nam a2200265Ia 4500
003 - CONTROL NUMBER IDENTIFIER
control field OSt
005 - DATE AND TIME OF LATEST TRANSACTION
control field 20221005105726.0
008 - FIXED-LENGTH DATA ELEMENTS--GENERAL INFORMATION
fixed length control field 221004b |||||||| |||| 00| 0 san d
020 ## - INTERNATIONAL STANDARD BOOK NUMBER
International Standard Book Number 9788174532609 (hbk)
037 ## - SOURCE OF ACQUISITION
Terms of availability Textual
040 ## - CATALOGING SOURCE
Original cataloging agency CRL
Transcribing agency CRL
Language of cataloging san
041 ## - LANGUAGE CODE
Source of code san
Language code of text/sound track or separate title san
100 ## - MAIN ENTRY--PERSONAL NAME
Personal name राजा राम, ले.
245 #0 - TITLE STATEMENT
Title कथानक वल्लीः अनुवाद व समीक्षा
246 ## - VARYING FORM OF TITLE
Title proper/short title Kathānak vallīah anuvād v samīkṣhā
260 ## - PUBLICATION, DISTRIBUTION, ETC.
Place of publication, distribution, etc. नई दिल्ली
Name of publisher, distributor, etc. संजय प्रकाशन भारत
Date of publication, distribution, etc. 2018
300 ## - PHYSICAL DESCRIPTION
Extent 127पृ0
Dimensions cm.
650 ## - SUBJECT ADDED ENTRY--TOPICAL TERM
Topical term or geographic name entry element आलोचना
942 ## - ADDED ENTRY ELEMENTS (KOHA)
Classification part O15:g, 152Q8
Koha item type Textual
Source of classification or shelving scheme
Holdings
Withdrawn status Lost status Damaged status Not for loan Home library Current library Date acquired Source of acquisition Total Checkouts Full call number Barcode Date last seen Price effective from Koha item type
        Central Library Central Library 2022-10-05 363, 27/02/2018, Eastern Book Linkers   O15:g 152Q8 CL1642115 2022-10-05 2022-10-05 Textual
Copyright @ Delhi University Library System